[Event "Unterfranken-ch H2 46th"]
[Site "Karlburg"]
[Date "1995.??.??"]
[Round "?"]
[White "Karch, Oliver"]
[Black "Stein, Wolfgang1111"]
[Result "1-0"]
[WhiteElo "1595"]
[BlackElo "1477"]
[PlyCount "41"]
[EventDate "1995.04.17"]
[EventType "swiss"]
[EventRounds "9"]
[EventCountry "GER"]
[SourceTitle "EXT 2015"]
[Source "ChessBase"]
[SourceDate "2014.11.20"]
[SourceVersion "1"]
[SourceVersionDate "2014.11.20"]
[SourceQuality "1"]

1. e4 e5 2. Nf3 Nc6 3. Bc4 Be7 4. 0-0 Nf6 5. Re1 0-0 6. c3 d6 7. d4 exd4 8. cxd4 Bg4 9. Kh1 d5 10. exd5 Nxd5 11. Bxd5 Qxd5 12. Nc3 Qh5 13. d5 Bd6 14. Kg1 Bxf3 15. gxf3 Qxh2+ 16. Kf1 Qh1+ 17. Ke2 Nd4+ 18. Qxd4 Qg2 19. Be3 Rfe8 20. Rg1 Be5 21. Qxe5 1-0

[Event "Unterfranken-ch H2 46th"]
[Site "Karlburg"]
[Date "1995.??.??"]
[Round "?"]
[White "Karch, Oliver"]
[Black "Vollmert, Andreas"]
[Result "0-1"]
[WhiteElo "1595"]
[BlackElo "1719"]
[PlyCount "116"]
[EventDate "1995.04.17"]
[EventType "swiss"]
[EventRounds "9"]
[EventCountry "GER"]
[SourceTitle "EXT 2015"]
[Source "ChessBase"]
[SourceDate "2014.11.20"]
[SourceVersion "1"]
[SourceVersionDate "2014.11.20"]
[SourceQuality "1"]

1. e4 d5 2. exd5 c6 3. d4 Nf6 4. Nc3 cxd5 5. Be3 e6 6. a3 Nc6 7. Bb5 a6 8. Ba4 Qb6 9. b4 Bd7 10. Nge2 Bd6 11. Ng3 0-0 12. 0-0 Rac8 13. Nce2 Ne7 14. Bxd7 Nxd7 15. Qd3 Rc6 16. c3 Qc7 17. Rac1 Nb6 18. Qc2 Nc4 19. a4 Bxb4 20. cxb4 Nxe3 21. Qxc6 bxc6 22. fxe3 Rb8 23. Rb1 Rb7 24. Rb2 Qb8 25. Rfb1 Nc8 26. Rc1 Na7 27. a5 Rxb4 28. Rxb4 Qxb4 29. Ra1 g6 30. Kf2 c5 31. dxc5 Qxc5 32. Nd4 e5 33. Nf3 Nc6 34. Ne2 d4 35. exd4 Nxd4 36. Rc1 Qxa5 37. Nexd4 exd4 38. Nxd4 Qd2+ 39. Ne2 a5 40. Rc3 a4 41. Rf3 Qb2 42. Kf1 a3 43. Nc3 a2 44. Nxa2 Qxa2 45. h3 Kg7 46. Kg1 f5 47. Kh2 h5 48. h4 Qc4 49. Rh3 Qf4+ 50. Kg1 Qg4 51. Kf2 Kf6 52. Kg1 Qxh3 53. gxh3 Ke5 54. Kg2 Ke4 55. Kf2 Kf4 56. Kg2 Ke3 57. Kg3 f4+ 58. Kg2 Ke2 0-1

[Event "Unterfranken-ch H2 46th"]
[Site "Karlburg"]
[Date "1995.??.??"]
[Round "?"]
[White "Schricker, Jochen"]
[Black "Karch, Oliver"]
[Result "1-0"]
[WhiteElo "1892"]
[BlackElo "1595"]
[PlyCount "63"]
[EventDate "1995.04.17"]
[EventType "swiss"]
[EventRounds "9"]
[EventCountry "GER"]
[SourceTitle "EXT 2015"]
[Source "ChessBase"]
[SourceDate "2014.11.20"]
[SourceVersion "1"]
[SourceVersionDate "2014.11.20"]
[SourceQuality "1"]

1. b3 e5 2. c4 Nf6 3. g3 d6 4. Bg2 Nc6 5. Nc3 Be7 6. e3 Bf5 7. d3 0-0 8. a3 Rb8 9. Nge2 Qd7 10. h3 a6 11. e4 Be6 12. Nd5 Bxd5 13. exd5 Nd8 14. 0-0 b5 15. f4 exf4 16. Nxf4 c5 17. Bb2 bxc4 18. dxc4 Nb7 19. Bc3 Bd8 20. Rb1 Re8 21. Qd3 g6 22. g4 Nxg4 23. hxg4 Qxg4 24. Rf3 Bg5 25. Rbf1 Re7 26. Rg3 Qh4 27. Rh3 Qg4 28. Nxg6 Be3+ 29. Rxe3 Rxe3 30. Qxe3 Qxg6 31. Rf3 Qb1+ 32. Kh2 1-0